000 00453nam a2200181Ia 4500
001 16077
005 20260306170243.0
008 260306t2016||||xx |||||||||||||| ||und||
041 _aESP
082 _a346.6
_bG312 T. 2
100 _aGaceta juridica
_eAUT
245 0 _aLa práctica contractual:
_ben sus modelos y documentos
260 _c2016
300 _a534 páginas :
_c25 cm.
650 _aGEN
654 _aCDE
942 _cLIB
_dJUS
_fJUS
_2ddc
_n
999 _c16077
_d16077